000 00727nam a2200181 a 4500
008 061213s2006 ||||||||||||||||| || u
050 _aIBRD(08)PRWP/3992
100 _aEbinger, Jane O
245 1 0 _aMeasuring financial performance in infrastructure
246 _aan application to Europe and Central Asia
260 _aWashington, D. C.
_bWorld Bank
_c2006
300 _a24p.;ill.
350 _a0.00
490 _aWorld Bank policy research working papers
650 0 _aECONOMICS
650 _aHIDDEN COSTS--RESEARCH--EUROPE AND CENTRAL ASIA
995 _D0.00
_FCBU-MAIN LIBRARY (Kitwe)
_H1
_I0.00
_M1
_UAVAILABLE
_WDec 13, 2006
_ZInternational Publications
999 _c50856
_d50856